| 000 | 01272nam0a2200301 4500 | ||
|---|---|---|---|
| 001 | RU\NLR\BIBL_A\010568288 | ||
| 005 | 20250614072702.0 | ||
| 010 |
_a978-5-7621-0794-5 _9500 |
||
| 021 |
_aRU _b2015-6081 _9382 |
||
| 021 |
_aRU _b2014-83541 _95076 |
||
| 035 | _a(NILC)RuMoRGB-007579116 | ||
| 035 | _a(NLR Aleph) 010568288 | ||
| 090 |
_a10413341 _c10413341 |
||
| 100 | _a20141218d2014 |||y0rusy50 ca | ||
| 101 | 0 | _arus | |
| 102 | _aRU | ||
| 105 | _aac z 000yy | ||
| 200 | 1 |
_aИстинные ценности _fАлександр Сокуров _gСанкт-Петербургский Гос. ун-т профсоюзов |
|
| 210 |
_aСанкт-Петербург _cСанкт-Петербургский Государственный университет профсоюзов _d2014 |
||
| 215 |
_a38 с., [2] л. цв. ил., портр. _d20 |
||
| 225 | 1 |
_aВ гостях у студентов _vвып. 8 |
|
| 600 | 1 |
_aСокуров _bА.Н. _f1951 _gАлександр Николаевич _xИнтервью _92212310 _3RU\NLR\AUTH\6601562702 |
|
| 686 | 1 | _aЩ374.3(2Р)7-85Сокуров | |
| 700 | 1 |
_aСокуров _bА. Н. _f1951- _gАлександр Николаевич |
|
| 942 | _cBOOK | ||
| 980 | _aNB | ||